000 00496nam a2200193Ia 4500
005 20240823023730.0
008 240823s9999||||xx |||||||||||||| ||und||
020 _a81-239-1362-1
041 _aENGLISH
082 _A624.15136 P9
100 _a"Murthy,V.N.S"
245 0 _aSoil Mechanics and Foundation Engineering
250 _aIst
260 _c2009
_b"CBS Publishers & Distributors,New "
500 _aYES
650 _aFoundation Engineering
_bCivil
942 _cBK
999 _c182245
_d182245